000 00371nam a22001457a 4500
003 LK-CoDNM
005 20240823151227.0
008 240823b |||||||| |||| 00| 0 eng d
040 _aLK-CoDNM
_dLK-CoDNM
_eLK-CoDNM
080 _b1948
245 _aThe times of ceylon
260 _aColombo
_bTimes of ceylon Colombo
_c1948
300 _b30p. : ill , 30 cm
942 _cBK
999 _c148850
_d148850